000 00497nam a2200217Ia 4500
003 OSt
005 20221005124059.0
006 a|||||r|||| 00| 0
007 ta
008 221004b |||||||| |||| 00| 0 eng d
024 _a119151
037 _cTextual
040 _aCRL
_cCRL
_beng
041 _2eng
_aeng
100 _aSingh Veer
_9634666
245 0 _aMatak Hulare
260 _c1966
650 _aPUNJABI LITERATURE
942 _cTEXL
_2cc
999 _c1049393
_d1049393